| 000 | 00413nam a22001457a 4500 | ||
|---|---|---|---|
| 005 | 20120210115435.0 | ||
| 020 |
_a8120315928 _c175.00 |
||
| 035 | _aB-999104 | ||
| 037 |
_aDPL _bENG |
||
| 100 |
_aWaingrow, Kirk _941482 |
||
| 245 |
_aUnix Hints and Hacks / _cby Kirk Waingrow |
||
| 260 |
_aNew Delhi _bPrentice-Hall of India _c1999 |
||
| 300 |
_axi, 479p. _c20 cms. |
||
| 942 |
_2ddc _cEN _h005.43 _mWAI |
||
| 999 |
_c62482 _d62482 |
||